[Event "44th Open Sitges 2018"]
[Site "Sitges"]
[Date "2018.07.26"]
[Round "5"]
[White "Volkov, Sergey"]
[Black "Guseinov, Gadir"]
[Result "1/2-1/2"]
[WhiteElo "2574"]
[BlackElo "2654"]
[Annotator "TA"]
[PlyCount "37"]
[EventDate "2018.07.22"]
[EventType "swiss"]
[EventCountry "ESP"]
[SourceTitle "playchess.com"]
[Source "ChessBase"]
[SourceQuality "1"]

{[%evp 20,24,12,0,12,12,26]} 1. d4 Nf6 2. c4 g6 3. Nc3 Bg7 4. e4 d6 5. Nf3 O-O 6. Be2 c5 7. d5 e6 8. O-O Re8 9. Nd2 Na6 10. Re1 Nc7 11. h3 {LiveBook: 3 Games. E91: King's Indian: Classical: 6 Be2, unusual replies including 6...c5 and 6...Bg4} (11. Rb1 exd5 12. cxd5 a6 13. a4 b5 14. axb5 axb5 15. b4 Ng4 16. Bxg4 Bxg4 17. Qxg4 Bxc3 18. bxc5 dxc5 {1-0 (34) Nakamura,H (2767)-Morozevich,A (2758) Zug 2013 CBM 154 [Sumets,A]}) 11... Rb8 12. a4 b6 {Predecessor:} 13. Nf1 $146 a6 14. Bf4 exd5 15. exd5 Ne4 16. Nxe4 Rxe4 17. Bc1 b5 18. axb5 axb5 19. cxb5 {1-0 (35) Akhmadeev,V (2436)-Ioffe,D (2195) Kazan 2007} 1/2-1/2

[Event "44th Open Sitges 2018"]
[Site "Sitges"]
[Date "2018.07.26"]
[Round "5"]
[White "Munoz, Miguel"]
[Black "Fernandez Cardoso, Alexey"]
[Result "1-0"]
[WhiteElo "2500"]
[BlackElo "2439"]
[Annotator "TA"]
[PlyCount "67"]
[EventDate "2018.07.22"]
[EventType "swiss"]
[EventCountry "ESP"]
[SourceTitle "playchess.com"]
[Source "ChessBase"]
[SourceQuality "1"]

{[%evp 11,67,-7,4,-31,-28,-48,-40,-43,-55,-55,-56,-64,-32,-33,17,-38,9,-23,28,31,89,97,108,112,128,125,192,83,185,183,176,142,319,296,377,366,185,65,246,272,483,479,468,455,447,440,1069,1103,1501,1495,1342,1152,2393,2357,29991,29992,29997,29998]} 1. e4 c5 2. g3 d5 3. exd5 Qxd5 4. Nf3 Bg4 5. Be2 (5. Bg2 Qe6+ 6. Kf1 Nc6 7. h3 Bh5 8. d3 Nf6 9. Nc3 Rd8 10. Kg1 Qc8 11. Kh2 e6 12. Bf4 Be7 13. Re1 O-O 14. Qc1 Nd4 15. Ne5 Nd7 16. g4 Nxe5 17. Bxe5 {1-0 (61) Mamedov,R (2688)-Najer,E (2679) Doha 2016}) 5... Nc6 6. h3 {B20: Sicilian: Unusual White 2nd moves} Bf5 {LiveBook: 6 Games} 7. d3 (7. Nc3 {feels hotter.} Qd6 8. Bc4 Qd7 9. Bb5 a6 10. Ne5) 7... e5 8. Nc3 {Black has an edge.} Qd7 9. g4 Bg6 10. Nh4 Be7 11. g5 $146 ({Predecessor:} 11. Nxg6 hxg6 12. Bf3 {1-0 (43) Certic,B (2381)-Todorovic,G (2477) Zlatibor 2006}) 11... Nd4 12. Bg4 Qd8 13. Rg1 ({Better is} 13. Nxg6 $11 hxg6 14. Ne4) 13... Kf8 14. Nf3 f5 (14... h5 $142 15. gxh6 Nxh6 16. Bxh6 Rxh6 17. Nxe5 Bd6 18. Nxg6+ Rxg6) 15. gxf6 $1 $11 gxf6 (15... Bxf6 $14 16. Ne4 Qc7) 16. Nxd4 $16 cxd4 17. Ne4 Bb4+ 18. Kf1 Qc7 (18... h5 $16) 19. h4 (19. Qf3 $18 {and White stays clearly on top.}) 19... Qc6 (19... f5 $16 20. Qf3 Qf7) 20. a3 $18 Be7 21. h5 Bf7 $2 {[#]} (21... Bxe4 $16 22. dxe4 Qxe4) 22. Bf5 Ke8 23. Qg4 Bf8 24. f4 (24. Qf3 $18) 24... Kd8 $2 (24... Nh6 $14 25. Qh3 (25. Bd7+ Ke7 $14) 25... Be7 26. fxe5 Nxf5 27. Qxf5 Be6) 25. fxe5 fxe5 $2 {[#]} (25... Ne7 26. Nxf6 Nxf5) 26. Qg3 Qe8 27. Bg5+ Kc7 28. Re1 Qb5 (28... Kb6 $142 29. Rg2 Bd5) 29. c4 dxc3 30. Nxc3 Qc6 31. Qxe5+ Kb6 32. Be4 Qd7 33. b4 {[%csl Gb4][%cal Re5a5]} a6 34. Be3+ {Precision: White = 51%, Black = 21%.} 1-0

[Event "44th Open Sitges 2018"]
[Site "Sitges"]
[Date "2018.07.25"]
[Round "5"]
[White "Munoz, Miguel"]
[Black "Fernandez Cardoso, Alexey"]
[Result "1-0"]
[WhiteElo "2500"]
[BlackElo "2439"]
[Annotator "TA"]
[PlyCount "67"]
[EventDate "2018.07.22"]
[EventType "swiss"]
[EventCountry "ESP"]
[SourceTitle "playchess.com"]
[Source "ChessBase"]
[SourceQuality "1"]

{[%evp 11,67,-3,4,-32,-21,-35,-29,-43,-37,-46,-54,-60,-43,-47,33,-43,7,-25,25,26,116,98,92,92,133,126,149,94,185,179,164,96,328,322,360,331,184,50,231,240,484,475,481,466,462,445,985,950,1523,1505,1390,1053,2634,2683,29991,29992,29997,29998]} 1. e4 c5 2. g3 d5 3. exd5 Qxd5 4. Nf3 Bg4 5. Be2 (5. Bg2 Qe6+ 6. Kf1 Nc6 7. h3 Bh5 8. d3 Nf6 9. Nc3 Rd8 10. Kg1 Qc8 11. Kh2 e6 12. Bf4 Be7 13. Re1 O-O 14. Qc1 Nd4 15. Ne5 Nd7 16. g4 Nxe5 17. Bxe5 {1-0 (61) Mamedov,R (2688)-Najer,E (2679) Doha 2016}) 5... Nc6 6. h3 {B20: Sicilian: Unusual White 2nd moves} Bf5 {LiveBook: 6 Games} 7. d3 (7. Nc3 {looks sharper.} Qd7 8. Bb5 a6 9. Ne5 Qe6 10. Bxc6+ bxc6 11. Qe2) 7... e5 8. Nc3 {The position is equal.} Qd7 9. g4 Bg6 10. Nh4 Be7 11. g5 $146 ({Predecessor:} 11. Nxg6 hxg6 12. Bf3 {1-0 (43) Certic,B (2381)-Todorovic,G (2477) Zlatibor 2006}) 11... Nd4 12. Bg4 Qd8 (12... f5 $15 13. gxf6 Qc6) 13. Rg1 ({Better is} 13. Nxg6 $14 hxg6 14. Ne4) 13... Kf8 14. Nf3 f5 15. gxf6 $1 gxf6 (15... Nxf6 $11 16. Nxe5 Qc7 17. Nxg6+ hxg6) 16. Nxd4 $16 cxd4 17. Ne4 Bb4+ {[#]} 18. Kf1 $1 Qc7 19. h4 ({White should try} 19. a3 Ba5 20. b4) 19... Qc6 (19... f5 $16 {was worth a try.}) 20. a3 $18 Be7 21. h5 (21. Qf3 $18) 21... Bf7 $2 {[#]} (21... Bxe4 $16 22. dxe4 Qxe4) 22. Bf5 Ke8 23. Qg4 Bf8 24. f4 (24. Bd2 $18) 24... Kd8 $2 (24... Nh6 $14 25. Qh3 (25. Bd7+ Ke7 $14) 25... Be7 26. fxe5 Nxf5 27. Qxf5 Be6) 25. fxe5 fxe5 $2 (25... Ne7 {keeps fighting.} 26. Nxf6 Nxf5) 26. Qg3 Qe8 27. Bg5+ Kc7 28. Re1 Qb5 (28... Kb6 $142 29. c3 Nh6) 29. c4 dxc3 30. Nxc3 Qc6 31. Qxe5+ Kb6 32. Be4 Qd7 33. b4 {[%csl Gb4][%cal Re5a5]} a6 34. Be3+ {Precision: White = 49%, Black = 19%.} 1-0

[Event "44th Open Sitges 2018"]
[Site "Sitges"]
[Date "2018.07.26"]
[Round "5"]
[White "Oliva Castaneda, Kevel"]
[Black "Bakti, Kulkarni"]
[Result "1/2-1/2"]
[WhiteElo "2491"]
[BlackElo "2285"]
[Annotator "TA"]
[PlyCount "115"]
[EventDate "2018.07.22"]
[EventType "swiss"]
[EventCountry "ESP"]
[SourceTitle "playchess.com"]
[Source "ChessBase"]
[SourceQuality "1"]

{[%evp 19,115,68,57,53,62,12,14,13,93,-8,-5,0,-7,-7,22,0,0,0,10,4,10,10,16,-25,31,28,22,35,34,19,26,6,10,12,6,0,8,4,0,0,11,11,8,11,11,0,0,0,11,0,0,0,0,0,11,0,0,0,0,0,0,0,6,0,41,12,18,0,0,0,0,0,0,0,0,0,0,0,34,25,35,35,38,37,43,41,66,68,64,0,0,-8,68,68,88,80,171,171]} 1. d4 d5 2. Bf4 Nf6 3. e3 c5 4. c3 Nc6 5. Nd2 Qb6 (5... Bf5 6. Ngf3 e6 7. Be2 Bd6 8. dxc5 Bxc5 9. Nd4 Bg6 10. Qa4 O-O 11. Nxc6 bxc6 12. Qxc6 Rc8 13. Qa4 Re8 14. O-O e5 {0-1 (57) Le,Q (2737)-Ding,L (2777) Riadh 2017}) 6. Qb3 {D00: 1 d4 d5: Unusual lines} c4 7. Qc2 Nh5 8. Bg5 h6 9. Bh4 g5 10. Be2 Ng7 {LiveBook: 4 Games} 11. Bg3 Bf5 12. Qc1 (12. e4 $5 {[%cal Re4f5]} Bg6 13. Rb1 $14) 12... Bg6 13. Ngf3 $146 Nf5 {[#]} (13... Nh5 $11) 14. Bd1 (14. e4 $1 $16 {[%cal Re4f5]} Nxg3 15. hxg3) 14... Bg7 $11 15. Bc2 O-O 16. O-O Qa5 (16... Qd8 {seems wilder.} 17. e4 Nxg3 18. hxg3 e5 19. dxe5 g4) 17. e4 (17. Qb1 {keeps more tension.} e6 18. e4 Nxg3 19. hxg3 e5 20. exd5 Bxc2 21. Qxc2 Qxd5 22. dxe5 g4 23. Nh4) 17... Nxg3 18. hxg3 dxe4 19. Bxe4 Bxe4 20. Nxe4 Qd5 21. Re1 e5 (21... g4 $11 22. Nh4 f5) 22. dxe5 Nxe5 23. Nxe5 Qxe5 24. g4 Rfe8 25. Re3 Qf4 26. Qe1 Re6 27. Qe2 Rae8 $132 {[%cal Re6e4][%mdl 2048] Black is fighting back} 28. Re1 b5 29. a3 Kh8 30. g3 Qc7 31. Qf3 Rd8 32. Qf5 Re5 33. Qf3 Re6 34. Kg2 a6 35. Kg1 Qe7 36. Qf5 Rd3 37. Kg2 Qb7 38. Qf3 Rxe3 39. Rxe3 Qe7 40. Qf5 Re5 41. Qc8+ Kh7 42. Qc6 Re6 43. Qc5 Qb7 {aiming for ...Re5.} 44. Qf5+ Kh8 45. Kh2 Re5 46. Qf3 Qd5 47. Kg2 Qe6 48. Re2 Qd5 49. Nd2 Qxf3+ 50. Kxf3 {[%mdl 4096] Endgame Threatens to win with Rxe5. KRB-KRN} Rd5 51. Re8+ Kh7 52. Ke2 h5 53. gxh5 g4 $1 54. Ne4 ({Better is} 54. Nf1 $14) 54... Rxh5 55. Re7 Rh1 (55... Kg6 $11) 56. Rxf7 $14 {Ra7 is the strong threat.} Rb1 {[#]} 57. Ra7 $1 {Strongly threatening Ke3.} Rxb2+ (57... Kg6 $16 {was necessary.}) 58. Ke3 {Precision: White = 51%, Black = 56%.} 1/2-1/2

[Event "44th Open Sitges 2018"]
[Site "Sitges"]
[Date "2018.07.26"]
[Round "5"]
[White "Pulvett Marin, Daniel Eduardo"]
[Black "Renteria, Jorge"]
[Result "1-0"]
[WhiteElo "2458"]
[BlackElo "2272"]
[Annotator "ChessBase"]
[PlyCount "65"]
[EventDate "2018.07.22"]
[EventType "swiss"]
[EventCountry "ESP"]
[SourceTitle "playchess.com"]
[Source "ChessBase"]
[SourceQuality "1"]
[TimeControl "40/5400+30:1800+30"]

1. d4 {[%emt 0:08:53]} Nf6 {[%emt 0:00:25]} 2. Nf3 {[%emt 0:00:12]} d6 {[%emt 0:00:06]} 3. c4 {[%emt 0:01:03]} g6 {[%emt 0:00:09]} 4. Nc3 {[%emt 0:00:07]} Bg7 {[%emt 0:00:09]} 5. e4 {[%emt 0:01:08]} Bg4 {[%emt 0:03:26]} 6. Be2 {[%emt 0:02:01]} O-O {[%emt 0:00:27]} 7. Ng1 {[%emt 0:00:29]} Bxe2 {[%emt 0:00:11]} 8. Ngxe2 {[%emt 0:00:05]} Nfd7 {[%emt 0:00:21]} 9. Be3 {[%emt 0:00:57]} c5 {[%emt 0:01:11]} 10. d5 {[%emt 0:02:17]} a6 {[%emt 0:04:12]} 11. a4 {[%emt 0:07:56]} a5 {[%emt 0:05:42]} 12. f3 {[%emt 0:00:17]} Na6 {[%emt 0:00:23]} 13. O-O {[%emt 0:00:22]} Nb4 {[%emt 0:00:32]} 14. Qd2 {[%emt 0:00:44]} Nf6 {[%emt 0:09:16]} 15. Rad1 {[%emt 0:08:12]} Ra6 {[%emt 0:00:40]} 16. Nb5 {[%emt 0:02:59]} Ne8 {[%emt 0:04:56]} 17. Nec3 {[%emt 0:16:02]} Ra8 {[%emt 0:00:54]} 18. Bh6 {[%emt 0:02:58]} Na6 {[%emt 0:02:18]} 19. Bxg7 {[%emt 0:00:10]} Kxg7 {[%emt 0:00:11]} 20. f4 {[%emt 0:00:13]} Nac7 {[%emt 0:04:46]} 21. Na3 {[%emt 0:05:03]} Nf6 {[%emt 0:08:38]} 22. e5 {[%emt 0:06:53]} Nd7 {[%emt 0:02:38]} 23. Rde1 {[%emt 0:00:15]} dxe5 {[%emt 0:05:22]} 24. fxe5 {[%emt 0:00:04]} f6 {[%emt 0:00:16]} 25. exf6+ {[%emt 0:01:08]} Nxf6 {[%emt 0:01:01]} 26. Qe3 {[%emt 0:08:15]} Rf7 {[%emt 0:00:21]} 27. Qxc5 {[%emt 0:00:30]} Nce8 {[%emt 0:03:00]} 28. Nab5 {[%emt 0:01:55]} Rc8 {[%emt 0:03:34]} 29. Qd4 {[%emt 0:02:57]} Nd6 {[%emt 0:00:24]} 30. Nxd6 {[%emt 0:00:08]} Qxd6 {[%emt 0:02:10]} 31. Ne4 {[%emt 0:03:49]} Qb4 {[%emt 0:02:49]} 32. Ng5 {[%emt 0:01:27]} Rxc4 {[%emt 0:00:18]} 33. Qe5 {[%emt 0:00:03]} 1-0

[Event "44th Open Sitges 2018"]
[Site "Sitges"]
[Date "2018.07.26"]
[Round "5"]
[White "Argandona Riveiro, Inigo"]
[Black "Fernandez Diaz, Cristian"]
[Result "1/2-1/2"]
[WhiteElo "2423"]
[BlackElo "2242"]
[Annotator "NA"]
[PlyCount "105"]
[EventDate "2018.07.22"]
[EventType "swiss"]
[EventCountry "ESP"]
[SourceTitle "playchess.com"]
[Source "ChessBase"]
[SourceQuality "1"]
[TimeControl "40/5400+30:1800+30"]

1. Nf3 {[%emt 0:00:00]} c5 {[%emt 0:00:29]} 2. c4 {[%emt 0:00:00]} Nf6 {[%emt 0:00:56]} 3. Nc3 {[%emt 0:00:00]} Nc6 {[%emt 0:01:18]} 4. d4 {[%emt 0:00:00]} cxd4 {[%emt 0:02:36]} 5. Nxd4 {[%emt 0:00:00]} g6 {[%emt 0:00:36]} 6. e4 {[%emt 0:01:02]} d6 {[%emt 0:00:57]} 7. Be2 {[%emt 0:00:00]} Bg7 {[%emt 0:00:27]} 8. Be3 {[%emt 0:00:00]} O-O {[%emt 0:00:13]} 9. O-O {[%emt 0:00:00]} Bd7 {[%emt 0:01:18]} 10. Qd2 {[%emt 0:00:00]} Nxd4 {[%emt 0:00:35]} 11. Bxd4 {[%emt 0:00:00]} Bc6 {[%emt 0:00:11]} 12. Bd3 {[%emt 0:05:07]} a5 {[%emt 0:05:01]} 13. Rae1 {[%emt 0:00:00]} Nd7 {[%emt 0:03:43]} 14. Bxg7 {[%emt 0:00:00]} Kxg7 {[%emt 0:00:05]} 15. Re3 {[%emt 0:00:00]} h6 {[%emt 0:13:05]} 16. Kh1 {[%emt 0:02:55]} a4 {[%emt 0:20:37]} 17. Nd5 {[%emt 0:08:07]} e5 {[%emt 0:00:00]} 18. Rh3 {[%emt 0:07:23]} Rh8 {[%emt 0:10:27]} 19. f4 {[%emt 0:05:43]} Bxd5 {[%emt 0:02:35]} 20. exd5 {[%emt 0:00:10]} exf4 {[%emt 0:11:41]} 21. Qxf4 {[%emt 0:01:55]} Ne5 {[%emt 0:00:51]} 22. Re3 {[%emt 0:16:02]} Qg5 {[%emt 0:04:46]} 23. Qd4 {[%emt 0:03:08]} Rac8 {[%emt 0:01:22]} 24. b3 {[%emt 0:12:58]} axb3 {[%emt 0:02:27]} 25. axb3 {[%emt 0:00:02]} Rhe8 {[%emt 0:05:04]} 26. Ref3 {[%emt 0:17:18]} Kg8 {[%emt 0:02:33]} 27. Rf4 {[%emt 0:02:18]} Ra8 {[%emt 0:01:29]} 28. Bb1 {[%emt 0:00:54]} Rec8 {[%emt 0:02:49]} 29. Qf2 {[%emt 0:03:30]} Qe7 {[%emt 0:00:50]} 30. h3 {[%emt 0:08:00]} Rc5 {[%emt 0:00:54]} 31. Rf6 {[%emt 0:03:19]} Ra1 {[%emt 0:03:08]} 32. Qh4 {[%emt 0:00:31]} Kg7 {[%emt 0:00:41]} 33. Rxf7+ {[%emt 0:02:56]} Qxf7 {[%emt 0:00:23]} 34. Rxf7+ {[%emt 0:00:04]} Kxf7 {[%emt 0:00:13]} 35. Qe4 {[%emt 0:00:29]} b5 {[%emt 0:00:39]} 36. Kh2 {[%emt 0:01:05]} bxc4 {[%emt 0:00:39]} 37. Bc2 {[%emt 0:01:20]} cxb3 {[%emt 0:01:22]} 38. Bxb3 {[%emt 0:00:12]} Rcc1 {[%emt 0:00:20]} 39. Qb4 {[%emt 0:01:10]} Rc5 {[%emt 0:01:11]} 40. Qb8 {[%emt 0:00:00]} Ke7 {[%emt 0:00:00]} 41. Qg8 {[%emt 0:03:58]} Nf7 {[%emt 0:04:35]} 42. Qxg6 {[%emt 0:00:06]} Re1 {[%emt 0:00:10]} 43. Qh7 {[%emt 0:07:01]} Re2 {[%emt 0:09:21]} 44. Bd1 {[%emt 0:00:24]} Re5 {[%emt 0:01:14]} 45. Bc2 {[%emt 0:00:17]} Rg5 {[%emt 0:03:20]} 46. h4 {[%emt 0:03:48]} Rg4 {[%emt 0:08:02]} 47. g3 {[%emt 0:06:02]} Rxd5 {[%emt 0:04:13]} 48. Kh3 {[%emt 0:04:48]} h5 {[%emt 0:01:34]} 49. Bf5 {[%emt 0:00:44]} Rg7 {[%emt 0:00:55]} 50. Qxg7 {[%emt 0:01:02]} Rxf5 {[%emt 0:00:03]} 51. g4 {[%emt 0:01:19]} hxg4+ {[%emt 0:00:09]} 52. Qxg4 {[%emt 0:02:10]} Re5 {[%emt 0:00:24]} 53. Qg7 {[%emt 0:00:30]} 1/2-1/2

[Event "44th Open Sitges 2018"]
[Site "Sitges"]
[Date "2018.07.25"]
[Round "5"]
[White "Neelash, Saha"]
[Black "Alarcon Casellas, Rolando"]
[Result "1/2-1/2"]
[WhiteElo "2319"]
[BlackElo "2389"]
[Annotator "NA"]
[PlyCount "36"]
[EventDate "2018.07.22"]
[EventType "swiss"]
[EventCountry "ESP"]
[SourceTitle "playchess.com"]
[Source "ChessBase"]
[SourceQuality "1"]
[TimeControl "40/5400+30:1800+30"]

1. e4 {[%emt 0:00:14]} c5 {[%emt 0:00:03]} 2. Nf3 {[%emt 0:00:06]} g6 {[%emt 0:00:03]} 3. d4 {[%emt 0:00:05]} cxd4 {[%emt 0:00:07]} 4. Nxd4 {[%emt 0:00:03]} Bg7 {[%emt 0:00:05]} 5. c4 {[%emt 0:00:14]} Nc6 {[%emt 0:00:04]} 6. Be3 {[%emt 0:00:04]} Nf6 {[%emt 0:00:03]} 7. Nc3 {[%emt 0:00:06]} O-O {[%emt 0:00:04]} 8. Be2 {[%emt 0:00:05]} b6 {[%emt 0:00:06]} 9. O-O {[%emt 0:00:14]} Bb7 {[%emt 0:00:01]} 10. f3 {[%emt 0:01:08]} Qb8 {[%emt 0:00:13]} 11. Qd2 {[%emt 0:02:48]} Rd8 {[%emt 0:00:02]} 12. Rfd1 {[%emt 0:01:52]} e6 {[%emt 0:00:19]} 13. Nxc6 {[%emt 0:05:02]} Bxc6 {[%emt 0:02:39]} 14. Bf4 {[%emt 0:00:07]} Qb7 {[%emt 0:01:47]} 15. Bg5 {[%emt 0:15:17]} Qb8 {[%emt 0:00:11]} 16. Bf4 {[%emt 0:01:53]} Qb7 {[%emt 0:08:46]} 17. Bg5 {[%emt 0:01:30]} Qb8 {[%emt 0:00:02]} 18. Bf4 {[%emt 0:02:59]} Qb7 {[%emt 0:00:04]} 1/2-1/2

[Event "44th Open Sitges 2018"]
[Site "Sitges"]
[Date "2018.07.26"]
[Round "5"]
[White "Neelash, Saha"]
[Black "Alarcon Casellas, Rolando"]
[Result "0-1"]
[WhiteElo "2319"]
[BlackElo "2389"]
[Annotator "NA"]
[PlyCount "54"]
[EventDate "2018.07.22"]
[EventType "swiss"]
[EventCountry "ESP"]
[SourceTitle "playchess.com"]
[Source "ChessBase"]
[SourceQuality "1"]
[TimeControl "40/5400+30:1800+30"]

1. d4 {[%emt 0:00:02]} d5 {[%emt 0:19:23]} 2. c4 {[%emt 0:00:06]} c6 {[%emt 0:00:27]} 3. Nf3 {[%emt 0:00:04]} Nf6 {[%emt 0:00:14]} 4. e3 {[%emt 0:00:04]} e6 {[%emt 0:00:21]} 5. b3 {[%emt 0:00:33]} Nbd7 {[%emt 0:01:55]} 6. Bb2 {[%emt 0:00:48]} Bd6 {[%emt 0:01:07]} 7. Nbd2 {[%emt 0:00:51]} O-O {[%emt 0:00:58]} 8. Qc2 {[%emt 0:00:06]} Qe7 {[%emt 0:00:19]} 9. Bd3 {[%emt 0:01:36]} e5 {[%emt 0:03:39]} 10. cxd5 {[%emt 0:00:06]} cxd5 {[%emt 0:01:10]} 11. dxe5 {[%emt 0:00:05]} Nxe5 {[%emt 0:00:05]} 12. Nxe5 {[%emt 0:00:06]} Bxe5 {[%emt 0:00:04]} 13. Nf3 {[%emt 0:00:08]} Qb4+ {[%emt 0:00:49]} 14. Nd2 {[%emt 0:02:23]} Bxb2 {[%emt 0:07:29]} 15. Qxb2 {[%emt 0:00:08]} d4 {[%emt 0:01:32]} 16. a3 {[%emt 0:05:57]} Qa5 {[%emt 0:05:38]} 17. b4 {[%emt 0:04:10]} Qg5 {[%emt 0:01:07]} 18. Qxd4 {[%emt 0:03:53]} Qxg2 {[%emt 0:00:32]} 19. O-O-O {[%emt 0:00:06]} Bg4 {[%emt 0:03:56]} 20. f3 {[%emt 0:23:46]} Rfd8 {[%emt 0:06:27]} 21. Qc3 {[%emt 0:00:12]} Rac8 {[%emt 0:03:01]} 22. Bc4 {[%emt 0:00:09]} Rxd2 {[%emt 0:01:59]} 23. fxg4 {[%emt 0:00:05]} Ra2 {[%emt 0:09:30]} 24. Kb1 {[%emt 0:01:00]} Ne4 {[%emt 0:05:24]} 25. Qc1 {[%emt 0:04:48]} h6 {[%emt 0:08:48]} 26. Rd4 {[%emt 0:00:49]} b5 {[%emt 0:02:46]} 27. Rg1 {[%emt 0:03:25]} Qxg1 {[%emt 0:00:24]} 0-1

[Event "44th Open Sitges 2018"]
[Site "Sitges"]
[Date "2018.07.26"]
[Round "5"]
[White "Mitrabha, Guha"]
[Black "Aguero Jimenez, Luis Lazaro"]
[Result "0-1"]
[WhiteElo "2299"]
[BlackElo "2473"]
[Annotator "ChessBase"]
[PlyCount "48"]
[EventDate "2018.07.22"]
[EventType "swiss"]
[EventCountry "ESP"]
[SourceTitle "playchess.com"]
[Source "ChessBase"]
[SourceQuality "1"]
[TimeControl "40/5400+30:1800+30"]

1. d4 {[%emt 0:00:00]} Nf6 {[%emt 0:00:00]} 2. Bf4 {[%emt 0:00:00]} g6 {[%emt 0:00:00]} 3. Nc3 {[%emt 0:00:00]} c5 {[%emt 0:01:38]} 4. dxc5 {[%emt 0:00:20]} Qa5 {[%emt 0:00:47]} 5. Qd2 {[%emt 0:00:15]} Bg7 {[%emt 0:04:52]} 6. e4 {[%emt 0:00:23]} O-O {[%emt 0:01:06]} 7. f3 {[%emt 0:15:08]} Qxc5 {[%emt 0:04:32]} 8. Nge2 {[%emt 0:00:34]} Nc6 {[%emt 0:00:39]} 9. Nc1 {[%emt 0:00:10]} Nd4 {[%emt 0:17:14]} 10. Nb3 {[%emt 0:06:20]} Nxb3 {[%emt 0:00:05]} 11. axb3 {[%emt 0:00:02]} b6 {[%emt 0:27:07]} 12. O-O-O {[%emt 0:06:31]} Bb7 {[%emt 0:02:18]} 13. g4 {[%emt 0:02:31]} Rfc8 {[%emt 0:00:59]} 14. Kb1 {[%emt 0:02:41]} d5 {[%emt 0:08:55]} 15. g5 {[%emt 0:04:36]} d4 {[%emt 0:17:59]} 16. Na4 {[%emt 0:01:35]} Nxe4 {[%emt 0:00:05]} 17. fxe4 {[%emt 0:00:09]} Qc6 {[%emt 0:00:03]} 18. c4 {[%emt 0:09:18]} e5 {[%emt 0:00:12]} 19. Bg3 {[%emt 0:00:30]} Qxe4+ {[%emt 0:03:53]} 20. Bd3 {[%emt 0:00:04]} Qg4 {[%emt 0:00:35]} 21. Rhg1 {[%emt 0:00:51]} Qe6 {[%emt 0:01:01]} 22. Be2 {[%emt 0:05:24]} b5 {[%emt 0:00:48]} 23. cxb5 {[%emt 0:05:37]} Qxb3 {[%emt 0:00:14]} 24. Qa5 {[%emt 0:00:10]} Bd5 {[%emt 0:03:03]} 0-1

[Event "44th Open Sitges 2018"]
[Site "Sitges"]
[Date "2018.07.26"]
[Round "5"]
[White "Jimenez Ortiz, Gonzalo"]
[Black "Mas Mestres, Jordi"]
[Result "1-0"]
[WhiteElo "1949"]
[BlackElo "1825"]
[Annotator "NA"]
[PlyCount "127"]
[EventDate "2018.07.22"]
[EventType "swiss"]
[EventCountry "ESP"]
[SourceTitle "playchess.com"]
[Source "ChessBase"]
[SourceQuality "1"]
[TimeControl "40/5400+30:1800+30"]

1. e4 {[%emt 0:00:25]} c5 {[%emt 0:00:12]} 2. Nf3 {[%emt 0:00:30]} g6 {[%emt 0:01:03]} 3. d4 {[%emt 0:00:24]} cxd4 {[%emt 0:00:09]} 4. Nxd4 {[%emt 0:00:20]} Nc6 {[%emt 0:00:59]} 5. Nc3 {[%emt 0:00:18]} Bg7 {[%emt 0:02:11]} 6. Be3 {[%emt 0:00:15]} Nf6 {[%emt 0:01:29]} 7. Bc4 {[%emt 0:00:27]} Qa5 {[%emt 0:01:56]} 8. O-O {[%emt 0:00:55]} O-O {[%emt 0:00:21]} 9. Nb3 {[%emt 0:02:21]} Qc7 {[%emt 0:05:44]} 10. Bg5 {[%emt 0:00:42]} d6 {[%emt 0:03:37]} 11. Bxf6 {[%emt 0:01:27]} exf6 {[%emt 0:00:07]} 12. Nd5 {[%emt 0:02:41]} Qd8 {[%emt 0:00:14]} 13. c3 {[%emt 0:04:04]} f5 {[%emt 0:01:15]} 14. exf5 {[%emt 0:08:08]} Bxf5 {[%emt 0:00:22]} 15. Qd2 {[%emt 0:01:08]} Ne5 {[%emt 0:09:59]} 16. Be2 {[%emt 0:01:07]} Rc8 {[%emt 0:06:08]} 17. Ne3 {[%emt 0:02:01]} Qh4 {[%emt 0:11:37]} 18. Nxf5 {[%emt 0:05:55]} gxf5 {[%emt 0:00:06]} 19. g3 {[%emt 0:13:36]} Qh3 {[%emt 0:01:23]} 20. f4 {[%emt 0:01:46]} Nc4 {[%emt 0:02:51]} 21. Bxc4 {[%emt 0:01:12]} Rxc4 {[%emt 0:00:01]} 22. Qg2 {[%emt 0:02:52]} Qxg2+ {[%emt 0:00:54]} 23. Kxg2 {[%emt 0:00:02]} Re4 {[%emt 0:00:09]} 24. Rad1 {[%emt 0:02:41]} Rfe8 {[%emt 0:00:58]} 25. Rxd6 {[%emt 0:03:07]} b5 {[%emt 0:02:29]} 26. Rf2 {[%emt 0:09:44]} b4 {[%emt 0:01:06]} 27. cxb4 {[%emt 0:00:29]} Rxb4 {[%emt 0:00:06]} 28. Rd5 {[%emt 0:00:42]} Ra8 {[%emt 0:02:00]} 29. Rxf5 {[%emt 0:04:08]} a5 {[%emt 0:00:38]} 30. Rxa5 {[%emt 0:01:07]} Rxa5 {[%emt 0:00:12]} 31. Nxa5 {[%emt 0:00:03]} Bxb2 {[%emt 0:00:08]} 32. Nc6 {[%emt 0:04:05]} Rb6 {[%emt 0:00:46]} 33. Re2 {[%emt 0:01:25]} Ba3 {[%emt 0:00:34]} 34. Ne5 {[%emt 0:01:19]} Rb4 {[%emt 0:02:18]} 35. Kf3 {[%emt 0:01:48]} Ra4 {[%emt 0:00:56]} 36. Kg4 {[%emt 0:06:02]} Bd6 {[%emt 0:00:38]} 37. Nf3 {[%emt 0:00:50]} Ra5 {[%emt 0:01:54]} 38. Kh3 {[%emt 0:03:43]} Kg7 {[%emt 0:00:38]} 39. Ne5 {[%emt 0:01:00]} Ra4 {[%emt 0:00:17]} 40. Rd2 {[%emt 0:00:00]} Bc7 {[%emt 0:00:00]} 41. Rc2 {[%emt 0:02:02]} Bd6 {[%emt 0:01:41]} 42. Nc4 {[%emt 0:03:16]} Bc5 {[%emt 0:03:46]} 43. Kg4 {[%emt 0:01:46]} Bd4 {[%emt 0:01:12]} 44. Kf3 {[%emt 0:00:39]} Ba7 {[%emt 0:01:52]} 45. Ke4 {[%emt 0:00:31]} Ra6 {[%emt 0:00:23]} 46. Kd5 {[%emt 0:00:40]} Bg1 {[%emt 0:01:20]} 47. Rg2 {[%emt 0:03:37]} Ba7 {[%emt 0:00:11]} 48. Ne5 {[%emt 0:00:49]} Bb8 {[%emt 0:01:39]} 49. Kc4 {[%emt 0:00:57]} Bd6 {[%emt 0:02:01]} 50. Kb5 {[%emt 0:03:14]} Ra8 {[%emt 0:00:48]} 51. a4 {[%emt 0:01:27]} Rb8+ {[%emt 0:01:23]} 52. Kc6 {[%emt 0:01:37]} Be7 {[%emt 0:00:33]} 53. Ra2 {[%emt 0:01:22]} f6 {[%emt 0:00:55]} 54. Nd7 {[%emt 0:01:38]} Rb3 {[%emt 0:00:07]} 55. Nb6 {[%emt 0:03:50]} Rc3+ {[%emt 0:00:30]} 56. Kd7 {[%emt 0:01:15]} Kf7 {[%emt 0:00:47]} 57. Nd5 {[%emt 0:00:48]} Rd3 {[%emt 0:00:05]} 58. Kc6 {[%emt 0:00:09]} Bd8 {[%emt 0:00:46]} 59. a5 {[%emt 0:01:15]} Rd4 {[%emt 0:00:32]} 60. a6 {[%emt 0:02:03]} Rc4+ {[%emt 0:01:10]} 61. Kd7 {[%emt 0:00:37]} Rd4 {[%emt 0:00:41]} 62. Kxd8 {[%emt 0:01:42]} Rxd5+ {[%emt 0:00:06]} 63. Kc7 {[%emt 0:00:20]} Rc5+ {[%emt 0:01:27]} 64. Kb6 {[%emt 0:00:21]} 1-0